Can you name every Bloodline member? - Statistics

General Stats
  • This quiz has been taken 8 times
  • The average score is 11 of 12
Answer Stats
Hint Answer % Correct
The Samoan Werewolf Jacob Fatu
100%
The Right Hand Man/Yeet Jey Uso
100%
No Yeet Jimmy Uso
100%
The Wiseman Paul Heyman
100%
The Tribal Chief/OTC Roman Reigns
100%
The Honorary Uce Sami Zayn
100%
The Enforcer/New Tribal Chief Solo Sikoa
100%
The Final Boss The Rock
100%
MFT Tama Tonga
71%
Above's brother Tonga Loa
71%
FKA Jeff Cobb JC Mateo
57%
FKA Hikuleo Talla Tonga
57%
No matching quizzes found
Score Distribution
Percent of People with Each Score
Percentile by Number Answered
Your Score History
You have not taken this quiz